Is peace your business? : The private sector and peace talks in Colombia /
Đã lưu trong:
| Tác giả chính: | |
|---|---|
| Định dạng: | Không biết |
| Ngôn ngữ: | Spanish |
| Những chủ đề: | |
| Các nhãn: |
Thêm thẻ
Không có thẻ, Là người đầu tiên thẻ bản ghi này!
|
MARC
| LEADER | 000000000a22000000004500 | ||
|---|---|---|---|
| 001 | 009615 | ||
| 041 | 0 | |a spa | |
| 100 | 1 | |a Rettberg, Angelika | |
| 245 | 1 | 0 | |a Is peace your business? : |b The private sector and peace talks in Colombia / |c Angelika Rettberg. |
| 310 | |a trimestral | ||
| 650 | 4 | |a COLOMBIA | |
| 650 | 4 | |a POLITICA Y GOBIERNO | |
| 650 | 4 | |a VIOLENCIA | |
| 650 | 4 | |a PAZ | |
| 650 | 4 | |a DEMOCRACIA | |
| 773 | 0 | |x 1577-3388 |d Madrid, España : Iberoamericana Editorial |t Iberoamericana |g volumen III, número 11 (2003), páginas 196-201 | |
| 942 | |c ARC | ||
| 999 | |c 17005 |d 17005 | ||
